000 00661nam a2200157Ia 4500
005 20240814022619.0
008 240331s9999 xx 000 0 und d
020 _a0002070082
082 _bALE
_a407
100 _aAlexander, L.G
245 2 _aA first book in comprehension, precis and composition :
_b-
260 _aCalcutta
_bOrient Longman Ltd
_c1965
300 _a121 p .,
500 _aThe Purpose of this book is to provide the immediately post elementary student with guidance in his first steps in comprehension, precis and composition. where English is taught as part of a general curriculum, this book may be begun after two years study.
942 _cL
999 _c3032
_d3032